000 00326nam a2200133Ia 4500
008 220613s9999||||xx |||||||||||||| ||und||
100 _aRichard M Robb
245 0 _aOpthalmoogy for The Pediatric Practituoner
250 _a1981
260 _bLITTLE BROWN & COMPANY
300 _a163
650 _aOpthalmology
942 _cSURG
999 _c1913
_d1913